000 00505nam a2200157 4500
999 _c510336
_d510336
008 190812b ||||| |||| 00| 0 eng d
100 _aPathak, Devendra Prasad
_98142
245 _aUse of factor analysis scores in logistic regression model for predicting chances of adoption of e-payment system by the users of smart phones
260 _c2019
300 _ap.38-46.
650 _aE-payment
_98143
650 _aMobile phones
_98144
773 _aAbhigyan
906 _aE-commerce
942 _2ddc
_cAR